Applied Physics/ (Record no. 177860)

MARC details
000 -LEADER
fixed length control field 00705nam a22001937a 4500
005 - DATE AND TIME OF LATEST TRANSACTION
control field 20210308164559.0
010 ## - LCCN (DPL NO)
LC control number ENG-129164
020 ## - INTERNATIONAL STANDARD BOOK NUMBER
International Standard Book Number 978-93-80831-00-8
Terms of availability 235.00
035 ## - SYSTEM CONTROL NUMBER
System control number EN-112696
037 ## - SOURCE OF ACQUISITION
Source of stock number/acquisition DBAD/PUB
082 ## - DEWEY DECIMAL CLASSIFICATION NUMBER
Classification number 530
100 ## - MAIN ENTRY--PERSONAL NAME
Personal name Rao, CV Madhusudhana
245 ## - TITLE STATEMENT
Title Applied Physics/
Statement of responsibility, etc CV Madhusudhana Rao and K Sharada
260 ## - PUBLICATION, DISTRIBUTION, ETC. (IMPRINT)
Place of publication, distribution, etc Hyderabad
Name of publisher, distributor, etc Amravati Publications
Date of publication, distribution, etc 2019
270 ## - ADDRESS
City Hyderabad
Postal code 500038
Address 3326/C, Level-4, Surneni Nilayam, Near B K Gupta Park, S R Nagar
Telephone number 91 40 23710657, 238000657
Fax number 91 40 23810657
Electronic mail address studentshelpline.in@gmail.com
300 ## - PHYSICAL DESCRIPTION
Extent viii+288p.
Dimensions 24cm(pbk)
Other physical details Including illustrations.
700 ## - ADDED ENTRY--PERSONAL NAME
Personal name K Sharada
942 ## - ADDED ENTRY ELEMENTS (KOHA)
Source of classification or shelving scheme Dewey Decimal Classification
Item type English Books
Classification part 530
Call number suffix RAO
Holdings
Withdrawn status Lost status Not for loan Collection code Home library Current library Date acquired Source of acquisition Cost, normal purchase price Full call number Barcode Copy number Cost, replacement price Koha item type
      Non-fiction Shahdara Branch Shahdara Branch 08/03/2021 DBAD/PUB 235.00 530 RAO EN-112696 1 235.00 English Books

© Delhi Public Library
Hit Counter
free hit counter